000
00303nam a22001337a 4500
008
180302b xxu||||| |||| 00| 0 eng d
020
_a
9781565335196
041
_a
eng
080
_a
610.73
100
_a
1
101
_a
INF
245
_a
PN adult medical surgical nursing
_c
Knippa,A
942
_2
udc
_c
BK
999
_c
43980
_d
43980